000 00229 a2200097 4500
001 52576
100 _aSharif M M
245 _aHistory of Muslim Philosophy (Vol-II)
260 _aKarachi
_bRoyal Books
_c
090 _c33063
_d33063
942 _aNUST-CAE
_cM
_c25629
999 _c287649
_d287649